[Event "NED-ch KO"]
[Site "Venlo"]
[Date "2025.07.06"]
[Round "1.2"]
[White "Tiviakov, Sergei"]
[Black "Van Foreest, Jorden"]
[Result "1/2-1/2"]
[WhiteElo "2537"]
[BlackElo "2698"]
[PlyCount "108"]
[EventDate "2025.07.05"]
[EventType "k.o."]
[EventRounds "4"]
[EventCountry "NED"]
[SourceTitle "CB29_2025"]
[SourceDate "2025.07.16"]
[SourceVersion "1"]
[SourceVersionDate "2025.07.16"]
[SourceQuality "1"]

1. e4 e6 2. d4 d5 3. Nd2 c5 4. dxc5 Nf6 5. exd5 Qxd5 6. Nb3 Qxd1+ 7. Kxd1 Nbd7 8. c6 bxc6 9. Nf3 a5 10. a4 Nc5 11. Nxc5 Bxc5 12. Be3 Bxe3 13. fxe3 Ne4 14. Kc1 f6 15. Bc4 Bd7 16. Nd2 Nc5 17. Nb3 Nxb3+ 18. Bxb3 Ke7 19. Bc4 Rab8 20. Rd1 c5 21. Ra3 Rhc8 22. Rad3 Bc6 23. Bb5 f5 24. Bxc6 Rxc6 25. Rd7+ Kf6 26. Ra7 Rcb6 27. Rdd7 Rxb2 28. Rf7+ Ke5 29. Rxa5 Rb1+ 30. Kd2 Rd8+ 31. Kc3 Rd5 32. Rxg7 Re1 33. Rg3 Ke4 34. Rb5 Rxe3+ 35. Rxe3+ Kxe3 36. a5 f4 37. a6 Rd8 38. a7 Ra8 39. Rb7 e5 40. Kc4 e4 41. Kxc5 Kf2 42. Kb6 Kxg2 43. Re7 e3 44. Kb7 Rxa7+ 45. Kxa7 Kf2 46. c4 e2 47. c5 e1Q 48. Rxe1 Kxe1 49. c6 f3 50. c7 f2 51. c8Q f1Q 52. Qc1+ Kf2 53. Qc2+ Kg1 54. Qxh7 Qf2+ 1/2-1/2

[Event "WchT Blitz Pool A"]
[Site "London"]
[Date "2025.06.14"]
[Round "9.2"]
[White "Ragnarsson, Dagur"]
[Black "Van Foreest, Jorden"]
[Result "0-1"]
[WhiteElo "2349"]
[BlackElo "2687"]
[PlyCount "56"]
[EventDate "2025.06.14"]
[EventType "team-tourn"]
[EventRounds "13"]
[EventCountry "ENG"]
[SourceTitle "CB25_2025"]
[SourceDate "2025.06.18"]
[SourceVersion "1"]
[SourceVersionDate "2025.06.18"]
[SourceQuality "1"]
[WhiteTeam "ChessbrahTV"]
[BlackTeam "Knight Dance"]
[WhiteTeamCountry "CAN"]
[BlackTeamCountry "FRA"]

1. Nf3 Nf6 2. g3 b5 3. Bg2 Bb7 4. d3 e6 5. e4 c5 6. 0-0 d6 7. Re1 Be7 8. d4 0-0 9. dxc5 dxc5 10. e5 Qxd1 11. Rxd1 Nd5 12. c4 bxc4 13. Nfd2 Nc6 14. Nxc4 Rad8 15. Bd2 Nd4 16. Nc3 Nxc3 17. Bxc3 Nf3+ 18. Kh1 Ba8 19. Nd6 f6 20. Nc4 f5 21. Nd6 g5 22. Rac1 Rd7 23. Rd3 g4 24. Rcd1 Rfd8 25. Ba5 Nxe5 26. Bxd8 Nxd3 27. Rxd3 Bxg2+ 28. Kxg2 Rxd8 0-1

[Event "WchT Blitz Pool A"]
[Site "London"]
[Date "2025.06.14"]
[Round "3.2"]
[White "Rusu, Lucas"]
[Black "Van Foreest, Jorden"]
[Result "0-1"]
[WhiteElo "2038"]
[BlackElo "2687"]
[PlyCount "162"]
[EventDate "2025.06.14"]
[EventType "team-tourn"]
[EventRounds "13"]
[EventCountry "ENG"]
[SourceTitle "CB25_2025"]
[SourceDate "2025.06.18"]
[SourceVersion "1"]
[SourceVersionDate "2025.06.18"]
[SourceQuality "1"]
[WhiteTeam "xChess.AI"]
[BlackTeam "Knight Dance"]
[WhiteTeamCountry "ROU"]
[BlackTeamCountry "FRA"]

1. e4 c5 2. Nf3 Nc6 3. d4 cxd4 4. Nxd4 Qb6 5. Nb3 e6 6. Be3 Qc7 7. c3 Nf6 8. N1d2 d5 9. Bd3 Bd6 10. Qe2 0-0 11. h3 a5 12. 0-0 Ne5 13. Nd4 Bd7 14. Rad1 Nxd3 15. Qxd3 h6 16. Rfe1 Rac8 17. a3 Rfd8 18. Nb5 Bxb5 19. Qxb5 Bc5 20. Bxc5 Qxc5 21. Qe2 Qb6 22. e5 Nd7 23. Nf3 Nc5 24. Nd4 Nb3 25. Nxb3 Qxb3 26. Rd4 b5 27. Red1 Rc4 28. f4 g6 29. g4 Rxd4 30. Rxd4 Qa2 31. Qc2 Kh7 32. f5 Kg7 33. Rf4 g5 34. Rd4 b4 35. axb4 axb4 36. fxe6 fxe6 37. Rxb4 Qa1+ 38. Kg2 Rd7 39. Qf2 Rf7 40. Qe2 Qc1 41. Rd4 Rb7 42. Rd2 Qb1 43. Qf2 Qe4+ 44. Qf3 Qxe5 45. Re2 Qf6 46. Qe3 Rf7 47. Rf2 Qe7 48. Qe5+ Kg8 49. Rxf7 Kxf7 50. b4 Qb7 51. Qd4 Qc6 52. Kf2 Qd6 53. Qa7+ Kg6 54. Qe3 e5 55. Qd3+ e4 56. Qe3 Kf6 57. b5 Ke6 58. b6 Qa3 59. Qd4 Qb2+ 60. Kf1 Qb1+ 61. Kf2 Qb2+ 62. Kf1 Kd6 63. Qf6+ Kc5 64. Qd4+ Kc6 65. Qf6+ Kb7 66. Qxh6 Qc1+ 67. Ke2 Qc2+ 68. Kf1 Qd3+ 69. Ke1 Qxc3+ 70. Kf1 Qf3+ 71. Ke1 Qe3+ 72. Kd1 Qd3+ 73. Ke1 e3 74. Qg7+ Kxb6 75. Qb2+ Kc5 76. Qc1+ Kd4 77. Qa1+ Qc3+ 78. Qxc3+ Kxc3 79. h4 gxh4 80. g5 h3 81. Kf1 h2 0-1

[Event "WchT Rapid"]
[Site "London"]
[Date "2025.06.12"]
[Round "7.1"]
[White "Nogerbek, Kazybek"]
[Black "Van Foreest, Jorden"]
[Result "1-0"]
[WhiteElo "2531"]
[BlackElo "2640"]
[PlyCount "113"]
[EventDate "2025.06.11"]
[EventType "team-swiss"]
[EventRounds "12"]
[EventCountry "ENG"]
[SourceTitle "CB25_2025"]
[SourceDate "2025.06.18"]
[SourceVersion "1"]
[SourceVersionDate "2025.06.18"]
[SourceQuality "1"]
[WhiteTeam "Barys.kz"]
[BlackTeam "Knight Dance"]
[WhiteTeamCountry "KAZ"]
[BlackTeamCountry "FRA"]

1. d4 Nf6 2. c4 c6 3. Nf3 d5 4. Nc3 dxc4 5. a4 a5 6. e4 Bg4 7. Be3 e6 8. Bxc4 Nbd7 9. h3 Bh5 10. Qd3 Bb4 11. Nd2 Bg6 12. f4 Qe7 13. g4 Nd5 14. 0-0 Nc5 15. Nxd5 exd5 16. dxc5 0-0-0 17. f5 dxc4 18. Qe2 Bxd2 19. Bxd2 Rd3 20. Bf4 Rxh3 21. Kg2 Rd3 22. Rad1 Qxc5 23. fxg6 Rxd1 24. Qxd1 hxg6 25. Qd6 Qxd6 26. Bxd6 f6 27. g5 Kd7 28. Bc5 Ke6 29. gxf6 gxf6 30. Bd4 Rf8 31. Bc3 b6 32. Kg3 f5 33. Re1 Kd6 34. e5+ Ke6 35. Rd1 f4+ 36. Kf2 b5 37. Rd6+ Kf5 38. Bxa5 Kxe5 39. Rxc6 bxa4 40. Rxc4 g5 41. Kf3 Rb8 42. Bc3+ Kf5 43. Rc5+ Ke6 44. Ra5 Rg8 45. Rxa4 Kd5 46. Kg4 Rf8 47. Rd4+ Kc5 48. Rd1 Kc4 49. Rd4+ Kb3 50. Kf3 Rg8 51. Rd2 Rg6 52. Kg4 Rg8 53. Bf6 Rg6 54. Bxg5 f3 55. Rf2 Rg8 56. Kf5 Rg7 57. Rxf3+ 1-0

[Event "FRA-chT Top 16 GpB"]
[Site "Belfort"]
[Date "2025.05.28"]
[Round "7.19"]
[White "Decuigniere, Tom"]
[Black "Van Foreest, Jorden"]
[Result "0-1"]
[WhiteElo "2366"]
[BlackElo "2687"]
[PlyCount "84"]
[EventDate "2025.05.22"]
[EventType "team-tourn"]
[EventRounds "7"]
[EventCountry "FRA"]
[SourceTitle "CB22_2025"]
[SourceDate "2025.05.28"]
[SourceVersion "1"]
[SourceVersionDate "2025.05.28"]
[SourceQuality "1"]
[WhiteTeam "Vandoeuvre"]
[BlackTeam "Aix En Provence"]
[WhiteTeamCountry "FRA"]
[BlackTeamCountry "FRA"]

1. d4 d5 2. c4 e6 3. Nc3 Nf6 4. cxd5 exd5 5. Bf4 Be7 6. e3 Bf5 7. Nge2 0-0 8. Ng3 Bg6 9. h4 h6 10. h5 Bh7 11. Bd3 Bxd3 12. Qxd3 Bd6 13. Bxd6 Qxd6 14. Nf5 Qe6 15. g4 Nc6 16. Rg1 Rad8 17. 0-0-0 Rfe8 18. Kb1 a6 19. Rc1 Kh8 20. Ka1 Nb4 21. Qd1 Ne4 22. Nxe4 dxe4 23. Qa4 Nd5 24. Qb3 Rb8 25. Rc5 c6 26. a3 Qf6 27. Rc2 Kh7 28. Qc4 Rbd8 29. Qf1 Re6 30. Qh3 Qg5 31. Rg3 Nf6 32. Nh4 Qa5 33. Rc5 Qe1+ 34. Ka2 b6 35. g5 bxc5 36. g6+ fxg6 37. Qxe6 Qxf2 38. Qf7 g5 39. Qg6+ Kh8 40. Nf5 Rd7 41. Nxh6 Rb7 42. Nf7+ Kg8 0-1

[Event "FRA-chT Top 16 GpB"]
[Site "Belfort"]
[Date "2025.05.25"]
[Round "4.1"]
[White "Van Foreest, Jorden"]
[Black "Korobov, Anton"]
[Result "1-0"]
[WhiteElo "2687"]
[BlackElo "2631"]
[PlyCount "61"]
[EventDate "2025.05.22"]
[EventType "team-tourn"]
[EventRounds "7"]
[EventCountry "FRA"]
[SourceTitle "CB22_2025"]
[SourceDate "2025.05.28"]
[SourceVersion "1"]
[SourceVersionDate "2025.05.28"]
[SourceQuality "1"]
[WhiteTeam "Aix En Provence"]
[BlackTeam "Chalon"]
[WhiteTeamCountry "FRA"]
[BlackTeamCountry "FRA"]

1. d4 Nf6 2. c4 e6 3. Nc3 d5 4. cxd5 exd5 5. Bg5 Be7 6. e3 0-0 7. Bd3 c6 8. h3 Nbd7 9. Bf4 Re8 10. Nf3 Nf8 11. Qc2 Bd6 12. Bxd6 Qxd6 13. 0-0 Be6 14. Rab1 a5 15. Rbe1 Rac8 16. Na4 N8d7 17. Ng5 h6 18. Nxe6 Rxe6 19. Nc5 Re7 20. Nxb7 Qb4 21. Qb3 Rc7 22. Qxb4 axb4 23. Nd6 g6 24. e4 dxe4 25. Nxe4 Re6 26. Nxf6+ Rxf6 27. Re7 Rf4 28. Bc4 Rb7 29. Bb3 c5 30. Bd5 Rc7 31. dxc5 1-0

[Event "Tata Steel-A 87th"]
[Site "Wijk aan Zee"]
[Date "2025.01.25"]
[Round "7"]
[White "Van Foreest, Jorden"]
[Black "Praggnanandhaa, Rameshbabu"]
[Result "1/2-1/2"]
[WhiteElo "2680"]
[BlackElo "2741"]
[PlyCount "71"]
[EventDate "2025.01.18"]
[EventType "tourn"]
[EventRounds "13"]
[EventCountry "NED"]
[EventCategory "19"]
[SourceTitle "CB06_2025"]
[SourceDate "2025.02.05"]
[SourceVersion "1"]
[SourceVersionDate "2025.02.05"]
[SourceQuality "1"]

1. e4 c5 2. Nf3 Nc6 3. Nc3 Nf6 4. Bb5 g6 5. e5 Nh5 6. 0-0 Bg7 7. Re1 Nd4 8. d3 0-0 9. g4 d5 10. h3 a6 11. Ba4 Ne6 12. gxh5 b5 13. Bb3 c4 14. h6 Bh8 15. dxc4 dxc4 16. Qxd8 Rxd8 17. Bxc4 bxc4 18. Be3 Bb7 19. Ng5 Bxe5 20. Nxe6 fxe6 21. Bg5 Bxc3 22. bxc3 Kf7 23. Rab1 Bd5 24. Rb6 Rdb8 25. Reb1 Rxb6 26. Rxb6 Ke8 27. Kf1 Kd7 28. Ke2 Kc7 29. Rb2 Kc8 30. Ke3 Rb8 31. Rxb8+ Kxb8 32. Kd4 Kc7 33. Bxe7 Kc6 34. h4 Bg2 35. a3 Bf1 36. Bb4 1/2-1/2

[Event "Wch Blitz"]
[Site "New York"]
[Date "2024.12.30"]
[Round "5"]
[White "Urazayev, Arystanbek"]
[Black "Van Foreest, Jorden"]
[Result "1/2-1/2"]
[WhiteElo "2470"]
[BlackElo "2677"]
[PlyCount "86"]
[EventDate "2024.12.30"]
[EventType "swiss (blitz)"]
[EventRounds "13"]
[EventCountry "USA"]
[SourceTitle "CB01_2025"]
[SourceDate "2025.01.01"]
[SourceVersion "1"]
[SourceVersionDate "2025.01.01"]
[SourceQuality "1"]

1. e4 e5 2. Nf3 Nc6 3. Bb5 Nf6 4. 0-0 Nxe4 5. Re1 Nd6 6. a4 Be7 7. Nxe5 Nxe5 8. Rxe5 0-0 9. d4 Ne8 10. c3 d5 11. Bd3 Bd6 12. Re1 g6 13. Nd2 Ng7 14. Nf3 c6 15. a5 Bf5 16. a6 b5 17. Bh6 Re8 18. Rxe8+ Qxe8 19. Bxg7 Bxd3 20. Be5 Bxe5 21. Nxe5 Bf5 22. h3 f6 23. Ng4 Kg7 24. Qd2 Bxg4 25. hxg4 Qd7 26. Re1 Re8 27. Rxe8 Qxe8 28. Qf4 Qe1+ 29. Kh2 Qe7 30. Qb8 Kf7 31. g3 Ke6 32. Kg2 Qd7 33. Kf3 g5 34. Ke3 Qe7 35. Kd2 Qd7 36. Kc2 Kf7 37. f3 Kg6 38. Qg8+ Kh6 39. Qf8+ Kg6 40. Kd2 Qc7 41. Qg8+ Kh6 42. Qf8+ Kg6 43. Qg8+ Kh6 1/2-1/2

[Event "Wch Blitz"]
[Site "New York"]
[Date "2024.12.30"]
[Round "10"]
[White "Van Foreest, Jorden"]
[Black "Xiong, Jeffery"]
[Result "0-1"]
[WhiteElo "2677"]
[BlackElo "2636"]
[PlyCount "104"]
[EventDate "2024.12.30"]
[EventType "swiss (blitz)"]
[EventRounds "13"]
[EventCountry "USA"]
[SourceTitle "CB01_2025"]
[SourceDate "2025.01.01"]
[SourceVersion "1"]
[SourceVersionDate "2025.01.01"]
[SourceQuality "1"]

1. e4 c6 2. d4 d5 3. e5 c5 4. dxc5 e6 5. c3 Bxc5 6. Qg4 Bf8 7. Nf3 Nc6 8. Bd3 Nge7 9. 0-0 Bd7 10. Re1 Qc7 11. Na3 a6 12. Nc2 g6 13. Bg5 Bg7 14. Bf6 Bxf6 15. exf6 Ng8 16. Qg5 Qd8 17. Qxd5 Nxf6 18. Qg5 0-0 19. Ne3 Kg7 20. Rad1 Qa5 21. Qxa5 Nxa5 22. Ne5 Rfd8 23. Be2 Nc6 24. N5c4 b5 25. Nb6 Rab8 26. Nxd7 Rxd7 27. Rxd7 Nxd7 28. Rd1 Nb6 29. Rd6 Ne5 30. f4 Ned7 31. Nc2 Nc5 32. Nb4 Nba4 33. Rc6 Rb6 34. Rxb6 Nxb6 35. b3 Kf6 36. Kf2 Ne4+ 37. Ke3 Nxc3 38. Nxa6 Nbd5+ 39. Kf3 Nxe2 40. Kxe2 Nxf4+ 41. Kf3 Nd5 42. Ke4 Nc3+ 43. Kd4 Nxa2 44. b4 e5+ 45. Kd5 Nc3+ 46. Kc5 Ke6 47. Nc7+ Kd7 48. Nxb5 Nxb5 49. Kxb5 Kc7 50. g4 f5 51. gxf5 gxf5 52. Kc5 f4 0-1

[Event "Wch Rapid"]
[Site "New York"]
[Date "2024.12.28"]
[Round "10"]
[White "Van Foreest, Jorden"]
[Black "Tari, Aryan"]
[Result "1-0"]
[WhiteElo "2651"]
[BlackElo "2559"]
[PlyCount "43"]
[EventDate "2024.12.26"]
[EventType "swiss (rapid)"]
[EventRounds "13"]
[EventCountry "USA"]
[SourceTitle "CB01_2025"]
[SourceDate "2025.01.01"]
[SourceVersion "1"]
[SourceVersionDate "2025.01.01"]
[SourceQuality "1"]

1. d4 Nf6 2. Nf3 g6 3. g3 Bg7 4. Bg2 d5 5. 0-0 0-0 6. c4 c6 7. a4 dxc4 8. Na3 Na6 9. Nxc4 Be6 10. b3 c5 11. Bb2 Bd5 12. Rc1 Rc8 13. Ne3 Be4 14. Bh3 e6 15. Ng5 Qe7 16. dxc5 Rfd8 17. Qe1 Bc6 18. b4 Ng4 19. Nxg4 Bxb2 20. Nh6+ Kg7 21. Nhxf7 Bxc1 22. Nxd8 1-0